58 Clubs Français en 2020-2021 - Statistiques

Statistiques générales
  • Ce quiz a été pris 112 fois
  • Le résultat moyen est 39 sur 58
Statistiques - réponses
Championnat Equipe % Correct
Ligue 1 Olympique Lyonnais
100%
Ligue 1 LOSC Lille
99%
Ligue 1 Olympique de Marseille
99%
Ligue 1 Girondins de Bordeaux
96%
Ligue 1 OGC Nice
96%
Ligue 1 Stade rennais FC
96%
Ligue 1 FC Nantes
95%
Ligue 1 Stade brestois 29
94%
Ligue 1 RC Lens
93%
Ligue 1 RC Strasbourg
92%
Ligue 1 Montpellier HSC
91%
Ligue 1 AS Saint-Etienne
90%
Ligue 1 FC Metz
90%
Ligue 1 Angers SCO
89%
Ligue 1 Paris Saint-Germain
88%
Ligue 2 Toulouse FC
88%
Ligue 1 AS Monaco
87%
Ligue 1 Nîmes Olympique
86%
Ligue 1 FC Lorient
85%
Ligue 1 Stade de Reims
85%
Ligue 2 Amiens SC
83%
Ligue 2 AS Nancy Lorraine
83%
Ligue 1 Dijon FCO
83%
Ligue 2 Grenoble Foot 38
83%
Ligue 2 SM Caen
83%
Ligue 2 AJ Auxerre
79%
Ligue 2 Le Havre AC
78%
Ligue 2 Paris FC
77%
Ligue 2 AC Ajaccio
73%
Ligue 2 Clermont Foot 63
73%
Ligue 2 EA Guingamp
73%
Ligue 2 ESTAC Troyes
73%
National SC Bastia
73%
National SC Lyon
73%
Ligue 2 Valenciennes FC
66%
Ligue 2 FC Sochaux-Montbéliard
65%
Ligue 2 Pau FC
65%
Ligue 2 USL Dunkerque
63%
National Red Star FC
60%
National US Orléans
60%
National Le Mans FC
59%
Ligue 2 Chamois Niortais FC
55%
National Stade Lavallois
54%
Ligue 2 LB Châteauroux
53%
Ligue 2 Rodez AF
48%
National US Boulogne
42%
Ligue 2 FC Chambly
37%
National US Quevilly-Rouen
37%
National FC Annecy
30%
National US Concarneau
24%
National US Créteil-Lusitanos
23%
National US Avranches
22%
National FC Sète 34
16%
National Bourg-en-Bresse 01
15%
National SO Cholet
15%
National FC Villefranche Beaujolais
14%
National FC Bastia-Borgo
10%
National Stade Briochin
4%
Aucun quiz correspondant
Distribution des résultats
% des personnes avec chaque résultat
Percentile par nombre de réponses
Votre historique - résultats
Vous n’avez pas pris ce quiz